Harry Potter: Les Echecs Version Sorciers - Statistiques

Statistiques générales
  • Ce quiz a été pris 123 fois
  • Le résultat moyen est 6 sur 8
Statistiques - réponses
Information Réponse % Correct
Propriétaire Ron Weasley
92%
Première apparition Harry Potter à l'école des sorciers
89%
Ce qu'il protégeait Pierre Philosophale
89%
Propriétaire Harry Potter
85%
Personne qui a crée l'échiquier géant Minerva McGonagall
70%
Derniere apparition Harry Potter et l'Ordre du Phénix
67%
Utilisation Jouer aux échecs
63%
Propriétaire Seamus Finnigan
25%
Aucun quiz correspondant
Distribution des résultats
% des personnes avec chaque résultat
Percentile par nombre de réponses
Votre historique - résultats
Vous n’avez pas pris ce quiz